[Event "Mercredi 2019.10.09 ABCD"]
[Site "Montreal CAN"]
[Date "2019.10.09"]
[Round "1"]
[White "Baran, Marius"]
[Black "Nardone, Raul"]
[Result "0-1"]
[WhiteElo "1765"]
[BlackElo "1747"]
[PlyCount "74"]
[EventDate "2019.10.09"]
[EventType "tourn"]
[EventRounds "5"]
[EventCountry "CAN"]

1. e4 c5 2. Nc3 Nc6 3. f4 g6 4. Nf3 Bg7 5. Bb5 Nd4 6. O-O a6 7. Bc4 b5 8. Bd5
Rb8 9. d3 e6 10. Bb3 Ne7 11. Ne2 Bb7 12. c3 Nxb3 13. axb3 O-O 14. Be3 Qc7 15.
Ng3 d5 16. Qe2 Rbc8 17. Rac1 Qb8 18. Qf2 c4 19. bxc4 bxc4 20. Ne5 Qa8 21. Nd7
cxd3 22. Nb6 Qb8 23. Nxc8 Qxc8 24. f5 f6 25. Bc5 Re8 26. Rce1 e5 27. Bxe7 Rxe7
28. fxg6 hxg6 29. Qe3 dxe4 30. Nxe4 f5 31. Nf2 Qc6 32. Qg3 Rd7 33. Rd1 e4 34.
Nh3 e3 35. Rfe1 e2 36. Rd2 Bh6 37. Nf4 Bxf4 0-1

[Event "Mercredi 2019.10.09 ABCD"]
[Site "Montreal CAN"]
[Date "2019.10.09"]
[Round "1"]
[White "Destree, Frederic"]
[Black "Barko, Maxim"]
[Result "1/2-1/2"]
[WhiteElo "1925"]
[BlackElo "1867"]
[PlyCount "151"]
[EventDate "2019.10.09"]
[EventType "tourn"]
[EventRounds "5"]
[EventCountry "CAN"]

1. Nf3 c5 2. g3 Nf6 3. c4 g6 4. Bg2 Bg7 5. O-O d6 6. Nc3 e5 7. d3 Nc6 8. a3 O-O
9. Rb1 Nh5 10. Bg5 Ne7 11. Qc1 Be6 12. b4 cxb4 13. Rxb4 Qd7 14. Qb1 Rab8 15.
Nd2 b6 16. Bxe7 Qxe7 17. a4 Rbc8 18. Qb3 Bh6 19. e3 f5 20. Nd5 Qf7 21. a5 e4
22. axb6 Bxd5 23. cxd5 axb6 24. dxe4 Qf6 25. Rxb6 Rc3 26. Rxd6 Qxd6 27. Qxc3
Bg7 28. Qc6 Qb4 29. Qc2 fxe4 30. Rb1 Qa5 31. Nxe4 Be5 32. Qc6 Ng7 33. d6 Qa2
34. Rc1 Kh8 35. d7 Ne6 36. Qc4 Qb2 37. Rd1 Nd8 38. Qc5 Rf5 39. f4 Bxf4 40. Qc3+
Qxc3 41. Nxc3 Bxe3+ 42. Kh1 Kg7 43. Nd5 Bg5 44. Re1 Nc6 45. Nc7 Nd8 46. Re8 Kf7
47. Bd5+ Kg7 48. Rg8+ Kh6 49. Kg2 Be7 50. Re8 Bf6 51. Bf3 Rc5 52. Nd5 Rc2+ 53.
Kh3 Bg5 54. Nf4 Rd2 55. Nd5 Nf7 56. Rc8 Rd3 57. Rc3 Rxc3 58. Nxc3 Ne5 59. Bg4
Kg7 60. Ne4 Be7 61. Be6 h5 62. Kg2 Nc6 63. h3 Nd8 64. Bd5 g5 65. g4 hxg4 66.
hxg4 Kg6 67. Kf3 Ba3 68. Nc3 Bd6 69. Nb5 Be5 70. Na7 Kf6 71. Ke4 Bc7 72. Nc8
Be5 73. Nb6 Bc7 74. Nc4 Bf4 75. Nb6 Bc7 76. Nc8 1/2-1/2

[Event "Mercredi 2019.10.09 ABCD"]
[Site "Montreal CAN"]
[Date "2019.10.09"]
[Round "1"]
[White "Dumouchel, Alain"]
[Black "Allaire, Denis"]
[Result "0-1"]
[WhiteElo "1776"]
[BlackElo "1699"]
[PlyCount "106"]
[EventDate "2019.10.09"]
[EventType "tourn"]
[EventRounds "5"]
[EventCountry "CAN"]

1. d4 d5 2. Bf4 Bf5 3. e3 e6 4. c4 Bxb1 5. Qxb1 Bb4+ 6. Kd1 dxc4 7. Bxc4 Nc6 8.
Nf3 Bd6 9. Bxd6 Qxd6 10. Bb5 Nge7 11. Ke2 f6 12. Rc1 O-O 13. Qe4 f5 14. Qh4 Ng6
15. Qh5 Rf6 16. Ng5 Nxd4+ 17. Kf1 Nxb5 18. Qxh7+ Kf8 19. a4 Qd3+ 20. Kg1 Nd6
21. Rxc7 Rc8 22. Qxg7+ Ke8 23. Qg8+ Nf8 24. Rxc8+ Nxc8 25. Nh7 Rf7 26. Nxf8
Rxf8 27. Qxe6+ Ne7 28. Rc1 Qd7 29. Qe5 Kd8 30. h4 Nc6 31. Qf4 Qd5 32. h5 Rg8
33. Qh4+ Ne7 34. Qh3 Qd2 35. Rf1 Qxb2 36. Rd1+ Ke8 37. h6 Qf6 38. e4 Rh8 39.
Qh5+ Qg6 40. Qxg6+ Nxg6 41. exf5 Ne7 42. f6 Nc6 43. f7+ Ke7 44. Rb1 b6 45. Rc1
Rxh6 46. g4 Kxf7 47. Kg2 a5 48. Kg3 Nb4 49. f4 Rf6 50. g5 Rxf4 51. Rc7+ Kg6 52.
Rb7 Nd5 53. Rd7 Rf5 0-1

[Event "Mercredi 2019.10.09 ABCD"]
[Site "Montreal CAN"]
[Date "2019.10.09"]
[Round "1"]
[White "Gates, Claude-Eric"]
[Black "Giurgiev, Silvius"]
[Result "1-0"]
[WhiteElo "1844"]
[BlackElo "1843"]
[PlyCount "105"]
[EventDate "2019.10.09"]
[EventType "tourn"]
[EventRounds "5"]
[EventCountry "CAN"]

1. d4 d5 2. Nf3 Nf6 3. e3 Bg4 4. Bd3 e6 5. Nbd2 c5 6. b3 Nc6 7. Bb2 Rc8 8. dxc5
Bxc5 9. a3 e5 10. Be2 Qe7 11. O-O O-O 12. Re1 Rfd8 13. Nxe5 Nxe5 14. Bxe5 Bxe2
15. Bxf6 Bxd1 16. Bxe7 Bxe7 17. Rexd1 Rxc2 18. Nf3 Rc3 19. Nd4 Bf6 20. Rab1 a6
21. a4 Kf8 22. g3 g6 23. Kf1 Ke7 24. Ne2 Rc7 25. Rd3 g5 26. Rbd1 Ke6 27. f3
Rdd7 28. Nd4+ Ke7 29. Ke2 Bxd4 30. Rxd4 Ke6 31. h4 h6 32. Kd2 Rc5 33. Rc1 Kd6
34. Rxc5 Kxc5 35. Kd3 Re7 36. b4+ Kc6 37. Kd2 f5 38. hxg5 hxg5 39. g4 Re5 40.
Kd3 Kd6 41. Ke2 f4 42. e4 Kc6 43. Kd3 dxe4+ 44. Rxe4 Rd5+ 45. Kc3 b6 46. Re6+
Rd6 47. b5+ axb5 48. axb5+ Kc5 49. Rxd6 Kxd6 50. Kd4 Ke6 51. Ke4 Kf6 52. Kd5
Ke7 53. Kc6 1-0

[Event "Mercredi 2019.10.09 ABCD"]
[Site "Montreal CAN"]
[Date "2019.10.09"]
[Round "1"]
[White "Kozlov, Guennadi"]
[Black "Brassard, Sylvain"]
[Result "1-0"]
[WhiteElo "1766"]
[BlackElo "1746"]
[PlyCount "90"]
[EventDate "2019.10.09"]
[EventType "tourn"]
[EventRounds "5"]
[EventCountry "CAN"]

1. e4 Nf6 2. e5 Nd5 3. d4 d6 4. Nf3 Bg4 5. Be2 Nc6 6. O-O e6 7. c4 Nb6 8. exd6
cxd6 9. b3 Be7 10. Bb2 Bf6 11. Nbd2 d5 12. c5 Nc8 13. Bc3 a6 14. b4 N8e7 15. a4
Ng6 16. h3 Bxf3 17. Nxf3 Nf4 18. b5 Nxe2+ 19. Qxe2 Ne7 20. Ne5 Bxe5 21. Qxe5
O-O 22. Bb4 Rc8 23. Rfc1 Re8 24. Qd6 Nf5 25. Qf4 Qf6 26. Bc3 g5 27. Qd2 h5 28.
Bb2 g4 29. Ra3 Kh8 30. hxg4 hxg4 31. Qf4 Qg6 32. c6 bxc6 33. Rxc6 Rxc6 34. bxc6
Rc8 35. c7 Kg7 36. Rc3 Kf8 37. Rb3 Ke8 38. Bc3 Kd7 39. Ba5 Nd6 40. Rb6 Nc4 41.
Rxa6 Qb1+ 42. Kh2 Rh8+ 43. Kg3 Qd3+ 44. f3 gxf3 45. Qxf7+ Kc8 1-0

[Event "Mercredi 2019.10.09 ABCD"]
[Site "Montreal CAN"]
[Date "2019.10.09"]
[Round "1"]
[White "Latorre, Vincent"]
[Black "Gadbois, Patrick"]
[Result "1-0"]
[WhiteElo "1889"]
[BlackElo "1878"]
[PlyCount "81"]
[EventDate "2019.10.09"]
[EventType "tourn"]
[EventRounds "5"]
[EventCountry "CAN"]

1. e4 e6 2. d4 d5 3. e5 c5 4. c3 Nc6 5. Nf3 Qb6 6. a3 c4 7. Nbd2 f6 8. exf6
Nxf6 9. b3 cxb3 10. Qxb3 Qxb3 11. Nxb3 Bd6 12. c4 O-O 13. Bd3 b6 14. O-O Ba6
15. Re1 dxc4 16. Rxe6 Rad8 17. Bf1 Bc8 18. Bxc4 Bxe6 19. Bxe6+ Kh8 20. Bb2 Rde8
21. d5 Nd8 22. Nbd4 Bc5 23. Rc1 Ne4 24. Rc2 Nxe6 25. Nxe6 Rf7 26. Re2 Nf6 27.
Bxf6 gxf6 28. g3 Bxa3 29. Kf1 Kg8 30. Nfd4 Bc5 31. Nf5 Bf8 32. d6 Rd7 33. Nxf8
Kxf8 34. Rc2 Kf7 35. g4 Re6 36. f3 Re5 37. Kf2 h5 38. f4 Rd5 39. Ke3 hxg4 40.
Ke4 Rb5 41. Rc7 {time} 1-0

[Event "Mercredi 2019.10.09 ABCD"]
[Site "Montreal CAN"]
[Date "2019.10.09"]
[Round "1"]
[White "Lewicki, Philip"]
[Black "Audet, Eric"]
[Result "0-1"]
[WhiteElo "1867"]
[BlackElo "1788"]
[PlyCount "192"]
[EventDate "2019.10.09"]
[EventType "tourn"]
[EventRounds "5"]
[EventCountry "CAN"]

1. d4 c6 2. e4 d5 3. e5 Bf5 4. Nf3 e6 5. Bd3 Bg4 6. Nbd2 c5 7. c3 c4 8. Be2 b5
9. a4 b4 10. Ng1 Bf5 11. Nxc4 dxc4 12. Bf3 Nd7 13. Bxa8 Qxa8 14. f3 b3 15. Kf2
a5 16. h4 h5 17. Nh3 Ne7 18. Bd2 Nb6 19. Ng5 Ng6 20. Qe1 Be7 21. g3 Bxg5 22.
Bxg5 Qc6 23. Ra3 Ne7 24. Qc1 Ned5 25. Bd2 Bc2 26. Qa1 Kd7 27. Re1 Bd3 28. Kg2
Rf8 29. Kf2 Bc2 30. Qc1 Nc8 31. Re2 Bd3 32. Re1 Bc2 33. Rg1 Rh8 34. Rg2 Ncb6
35. Rg1 Bd3 36. Qa1 Bc2 37. Bg5 Bd3 38. Qc1 Bc2 39. Re1 Bd3 40. Kg2 Bc2 41. Re2
Bd3 42. Rf2 Bg6 43. Bd2 Bd3 44. Kh3 Bc2 45. g4 g6 46. Kg3 Nc8 47. Bg5 Bd3 48.
Rg2 Ncb6 49. Qe1 Nc8 50. Rf2 Ncb6 51. Bd2 Nc8 52. Bg5 Ncb6 53. Rd2 Bc2 54. Re2
Bd3 55. Re4 Bc2 56. Qc1 Bd3 57. Rf4 Ke8 58. Bf6 Nxf6 59. Rxf6 Nd5 60. Qd2 Nxf6
61. exf6 Qd6+ 62. f4 hxg4 63. Ra1 Qc6 64. Qe3 Qf3+ 65. Qxf3 gxf3 66. Rh1 Be4
67. Rh2 Rh5 68. Kf2 Kd7 69. Ke3 Bc6 70. Kf2 Kd6 71. Kg3 Rf5 72. Kf2 Rxf6 73. h5
gxh5 74. Rxh5 Rf5 75. Rh4 Ke7 76. Rh3 Bxa4 77. Kxf3 Bc6+ 78. Ke3 Rf6 79. Rh8
Rg6 80. f5 Rg2 81. fxe6 fxe6 82. Rh7+ Kd6 83. d5 Bxd5 84. Ra7 Rxb2 85. Rxa5 Ke5
86. Ra1 Rc2 87. Rf1 Kd6 88. Ra1 Rxc3+ 89. Kd2 Rc2+ 90. Ke3 Ra2 91. Rd1 c3 92.
Kd4 Rd2+ 93. Rxd2 cxd2 94. Kc3 d1=Q 95. Kb4 b2 96. Ka3 Qb3# 0-1

[Event "Mercredi 2019.10.09 ABCD"]
[Site "Montreal CAN"]
[Date "2019.10.09"]
[Round "1"]
[White "Lopez Linares, Lizandro"]
[Black "Nunez, Omar"]
[Result "1-0"]
[WhiteElo "2217"]
[BlackElo "1950"]
[PlyCount "39"]
[EventDate "2019.10.09"]
[EventType "tourn"]
[EventRounds "5"]
[EventCountry "CAN"]

1. d4 d6 2. Nf3 g6 3. g3 Bg7 4. Bg2 f5 5. O-O Nf6 6. c4 O-O 7. Nc3 Nc6 8. d5
Ne5 9. Qb3 Nxf3+ 10. exf3 e5 11. dxe6 Bxe6 12. Re1 Bf7 13. Be3 Qd7 14. Rad1
Rfe8 15. Re2 c6 16. Red2 Qe6 17. Bf1 b5 18. Rxd6 bxc4 19. Qa4 Qc8 20. Bxc4 1-0

[Event "Mercredi 2019.10.09 ABCD"]
[Site "Montreal CAN"]
[Date "2019.10.09"]
[Round "1"]
[White "Nesterov, Timour"]
[Black "Guipi Bopala, Prince Eric jr"]
[Result "1-0"]
[WhiteElo "1890"]
[BlackElo "1868"]
[PlyCount "105"]
[EventDate "2019.10.09"]
[EventType "tourn"]
[EventRounds "5"]
[EventCountry "CAN"]

1. d4 d5 2. Nf3 e6 3. Bf4 Nf6 4. e3 Be7 5. Bd3 c5 6. c3 Nc6 7. Nbd2 O-O 8. Ne5
Bd6 9. Qf3 Qc7 10. Qg3 Ne8 11. Qh4 f5 12. Ndf3 Nf6 13. O-O c4 14. Bc2 h6 15.
Ng6 Bxf4 16. exf4 Re8 17. h3 Qf7 18. Nfe5 Nxe5 19. Nxe5 Qh5 20. Qg3 Ne4 21. Qe3
Rf8 22. Kh2 Nf6 23. f3 Kh7 24. g4 Qe8 25. g5 Nd7 26. Ba4 Qe7 27. Bxd7 Bxd7 28.
Rg1 Be8 29. gxh6 gxh6 30. Rg2 Bh5 31. Rag1 Rg8 32. Qf2 a6 33. Qc2 Qh4 34. Qd2
Rxg2+ 35. Rxg2 Rg8 36. Qe3 Rxg2+ 37. Kxg2 Qe7 38. Qf2 Be8 39. b3 b5 40. bxc4
bxc4 41. Qb2 a5 42. Qb6 a4 43. Qc5 Qb7 44. Qd6 Qg7+ 45. Kf2 Qf6 46. Qc7+ Qg7
47. Qd8 Bb5 48. Qb6 Bd7 49. Qd6 Bc8 50. Qc6 Qb7 51. Qe8 Qb2+ 52. Kg3 Kg7 53.
Qf7+ 1-0

[Event "Mercredi 2019.10.09 ABCD"]
[Site "Montreal CAN"]
[Date "2019.10.09"]
[Round "1"]
[White "Pomerantz, Daniel"]
[Black "Nunez-Painchaud, Raphael"]
[Result "1/2-1/2"]
[WhiteElo "2206"]
[BlackElo "2148"]
[PlyCount "60"]
[EventDate "2019.10.09"]
[EventType "tourn"]
[EventRounds "5"]
[EventCountry "CAN"]

1. e4 c5 2. Nf3 Nc6 3. d4 cxd4 4. Nxd4 Nf6 5. Nc3 e5 6. Ndb5 d6 7. Bg5 a6 8.
Na3 b5 9. Nd5 Be7 10. Bxf6 Bxf6 11. c4 b4 12. Nc2 a5 13. g3 O-O 14. Bg2 Bg5 15.
O-O Be6 16. Qd3 Qb8 17. Rad1 a4 18. f4 b3 19. axb3 axb3 20. Na3 Rxa3 21. bxa3
Bd8 22. f5 Bxd5 23. Qxd5 Nd4 24. Kh1 Qb6 25. a4 Bf6 26. a5 Qa6 27. c5 dxc5 28.
Qxc5 Rc8 29. Qb4 Qa7 30. Rxd4 exd4 1/2-1/2

[Event "Mercredi 2019.10.09 ABCD"]
[Site "Montreal CAN"]
[Date "2019.10.09"]
[Round "1"]
[White "Templonuevo, Mark Geryl"]
[Black "Fortin-Lavoie, Patrice"]
[Result "1-0"]
[WhiteElo "1862"]
[BlackElo "1824"]
[PlyCount "81"]
[EventDate "2019.10.09"]
[EventType "tourn"]
[EventRounds "5"]
[EventCountry "CAN"]

1. c4 e5 2. Nc3 Nf6 3. g3 a5 4. Bg2 Bc5 5. e3 O-O 6. Nge2 Nc6 7. a3 d6 8. d4
exd4 9. exd4 Bb6 10. O-O Bg4 11. h3 Bh5 12. g4 Bg6 13. f4 h5 14. g5 Nd7 15. f5
Bh7 16. Be4 Qe8 17. Kh1 g6 18. f6 Qe6 19. Rf3 Qxc4 20. Bd3 Qe6 21. d5 Qe8 22.
dxc6 bxc6 23. Be4 d5 24. Bc2 Ne5 25. Rf1 Qd7 26. Nf4 Rad8 27. b4 d4 28. Na4 d3
29. Bb3 Qd4 30. Ra2 axb4 31. Ng2 Qd7 32. Kh2 bxa3 33. Bxa3 Rfe8 34. Nb2 Qd4 35.
Rf4 Qd7 36. Nc4 Nxc4 37. Bxc4 c5 38. Rd2 Ra8 39. Rxd3 Qc6 40. Rd7 Re2 41. Bxe2
1-0

[Event "Mercredi 2019.10.09 ABCD"]
[Site "Montreal CAN"]
[Date "2019.10.09"]
[Round "1"]
[White "Toenz, Antoine"]
[Black "Yu, Zong Yang"]
[Result "0-1"]
[WhiteElo "2035"]
[BlackElo "2463"]
[PlyCount "52"]
[EventDate "2019.10.09"]
[EventType "tourn"]
[EventRounds "5"]
[EventCountry "CAN"]

1. e4 c5 2. Nc3 g6 3. f4 Bg7 4. Nf3 Nc6 5. Bc4 e6 6. O-O Nge7 7. d3 d5 8. Bb3
O-O 9. Ne2 c4 10. Ba4 b5 11. Bxb5 Qb6+ 12. Kh1 Qxb5 13. a4 Qa6 14. e5 cxd3 15.
cxd3 Qb6 16. d4 Ba6 17. Re1 Bxe2 18. Rxe2 a5 19. Be3 Rfc8 20. Rc1 Nb4 21. Rc3
Rc6 22. Qd2 Rac8 23. Re1 Rc4 24. Ng1 Qa6 25. Ne2 Nf5 26. Ra1 Nxe3 0-1

[Event "Mercredi 2019.10.09 ABCD"]
[Site "Montreal CAN"]
[Date "2019.10.16"]
[Round "2"]
[White "Allaire, Denis"]
[Black "Nardone, Raul"]
[Result "0-1"]
[WhiteElo "1699"]
[BlackElo "1747"]
[PlyCount "98"]
[EventDate "2019.10.09"]
[EventType "tourn"]
[EventRounds "5"]
[EventCountry "CAN"]

1. e4 c5 2. c3 Nf6 3. e5 Nd5 4. d4 e6 5. Nf3 cxd4 6. cxd4 Nc6 7. a3 d6 8. Bd3
dxe5 9. dxe5 Bd7 10. O-O Rc8 11. Qe2 a6 12. Bd2 Na5 13. Bg5 Be7 14. Bxe7 Qxe7
15. a4 Nf4 16. Qe4 Nxd3 17. Qxd3 Nc4 18. b3 Na5 19. Rd1 O-O 20. b4 Rfd8 21. Qe4
Bc6 22. Rxd8+ Qxd8 23. Qe3 Qd1+ 24. Qe1 Bxf3 25. Nd2 Qxe1+ 26. Rxe1 Bd5 27.
bxa5 Rc2 28. Nb1 Kf8 29. h4 h5 30. Na3 Rc3 31. Nb1 Rc4 32. g3 Rxa4 33. Nc3 Rxa5
34. Nxd5 Rxd5 35. f4 Ke7 36. Rb1 Rb5 37. Rc1 Rd5 38. Rc7+ Rd7 39. Rc8 b5 40.
Ra8 Rb7 41. Rxa6 b4 42. Kf2 b3 43. Ra1 b2 44. Rb1 Kd7 45. Ke2 Kc6 46. Kd1 Kd5
47. Kc2 Ke4 48. Re1+ Kf3 49. Kb1 g6 0-1

[Event "Mercredi 2019.10.09 ABCD"]
[Site "Montreal CAN"]
[Date "2019.10.16"]
[Round "2"]
[White "Audet, Eric"]
[Black "Giurgiev, Silvius"]
[Result "0-1"]
[WhiteElo "1788"]
[BlackElo "1843"]
[PlyCount "56"]
[EventDate "2019.10.09"]
[EventType "tourn"]
[EventRounds "5"]
[EventCountry "CAN"]

1. e4 c6 2. d4 d5 3. Nc3 dxe4 4. Nxe4 Bf5 5. Ng3 Bg6 6. h4 h5 7. Nf3 Nd7 8. Bd3
Bxd3 9. Qxd3 Ngf6 10. Bg5 Qc7 11. O-O-O O-O-O 12. Qe2 Ng4 13. Rhe1 Re8 14. Ne5
Ndxe5 15. dxe5 g6 16. Bd2 Bg7 17. Bc3 Rd8 18. Rxd8+ Rxd8 19. f4 Bh6 20. Bd2 f6
21. exf6 Rxd2 22. Qe6+ Qd7 23. Qxd7+ Rxd7 24. fxe7 Bxf4+ 25. Kb1 Nf6 26. e8=Q+
Nxe8 27. Rxe8+ Kc7 28. Ne2 Rd1+ 0-1

[Event "Mercredi 2019.10.09 ABCD"]
[Site "Montreal CAN"]
[Date "2019.10.16"]
[Round "2"]
[White "Barko, Maxim"]
[Black "Gadbois, Patrick"]
[Result "0-1"]
[WhiteElo "1867"]
[BlackElo "1878"]
[PlyCount "124"]
[EventDate "2019.10.09"]
[EventType "tourn"]
[EventRounds "5"]
[EventCountry "CAN"]

1. d4 e6 2. Nc3 d5 3. Bf4 Bb4 4. e3 Nf6 5. Bd3 O-O 6. Nge2 a6 7. a3 Bd6 8. Bg5
c5 9. dxc5 Bxc5 10. O-O Nc6 11. e4 d4 12. Na4 Be7 13. b3 b5 14. Nb2 Bb7 15. a4
b4 16. Nc4 e5 17. Ng3 Bc8 18. h3 h6 19. Bd2 Be6 20. Qf3 Qc7 21. Nf5 Bxf5 22.
Qxf5 Qd7 23. Qf3 Rfb8 24. Rad1 a5 25. Bc1 Nh7 26. Qg3 Qe6 27. h4 Qf6 28. f4
Qxh4 29. Qxh4 Bxh4 30. fxe5 Bg3 31. Bf4 Bxf4 32. Rxf4 Ng5 33. Rf5 Re8 34. Rdf1
Re7 35. e6 Nxe6 36. Nd6 Ng5 37. Bc4 Ne5 38. Bd5 Rd8 39. Nc4 Ng4 40. R5f4 Ne3
41. Nxe3 dxe3 42. Re1 Rc8 43. Re2 Rc3 44. Kf1 Ne6 45. Bxe6 Rxe6 46. Ke1 g6 47.
Kd1 Rd6+ 48. Kc1 Rdc6 49. Kb2 Kg7 50. Rf3 Rf6 51. Rfxe3 Rxe3 52. Rxe3 Re6 53.
c3 bxc3+ 54. Kxc3 Rc6+ 55. Kd4 Kf6 56. Kd5 Rc2 57. g3 Ke7 58. Rf3 f6 59. Rd3 h5
60. Re3 Rc7 61. Rf3 Rc2 62. Rd3 Rc8 {time} 0-1

[Event "Mercredi 2019.10.09 ABCD"]
[Site "Montreal CAN"]
[Date "2019.10.16"]
[Round "2"]
[White "Brassard, Sylvain"]
[Black "Baran, Marius"]
[Result "0-1"]
[WhiteElo "1746"]
[BlackElo "1765"]
[PlyCount "110"]
[EventDate "2019.10.09"]
[EventType "tourn"]
[EventRounds "5"]
[EventCountry "CAN"]

1. d4 d5 2. Bf4 Bf5 3. e3 Nf6 4. Bd3 Bxd3 5. Qxd3 c6 6. Nf3 e6 7. Nbd2 Bd6 8.
Bg3 Bxg3 9. hxg3 Nbd7 10. g4 Nf8 11. Ne5 N6d7 12. Ndf3 Qe7 13. Nxd7 Kxd7 14.
Ne5+ Kc7 15. f4 f6 16. Nf3 Nd7 17. O-O-O e5 18. dxe5 fxe5 19. Qc3 Raf8 20. g3
Kb8 21. Nh4 Re8 22. Rde1 Nf6 23. g5 Ne4 24. Qxe5+ Qxe5 25. fxe5 Nxg3 26. Rh3
Ne4 27. Nf3 h6 28. gxh6 gxh6 29. Re2 Ng5 30. Nxg5 hxg5 31. Rxh8 Rxh8 32. Rg2
Rg8 33. e4 dxe4 34. Kd2 Kc7 35. Ke3 Kd7 36. Kxe4 Ke6 37. Rf2 g4 38. Rf6+ Ke7
39. Rf2 g3 40. Rg2 Ke6 41. Kf4 a5 42. Rxg3 Rxg3 43. Kxg3 Kxe5 44. Kf3 Kd4 45.
Ke2 a4 46. Kd2 b5 47. c3+ Kc5 48. Kd3 Kd5 49. Kd2 c5 50. Kd3 c4+ 51. Kc2 Ke4
52. Kd2 Kf3 53. Kc2 Ke2 54. b3 a3 55. b4 Ke3 0-1

[Event "Mercredi 2019.10.09 ABCD"]
[Site "Montreal CAN"]
[Date "2019.10.16"]
[Round "2"]
[White "Destree, Frederic"]
[Black "Nesterov, Timour"]
[Result "0-1"]
[WhiteElo "1925"]
[BlackElo "1890"]
[PlyCount "120"]
[EventDate "2019.10.09"]
[EventType "tourn"]
[EventRounds "5"]
[EventCountry "CAN"]

1. Nf3 e6 2. g3 b6 3. Bg2 Bb7 4. O-O f5 5. d3 Nf6 6. Nbd2 Be7 7. e4 fxe4 8.
dxe4 O-O 9. e5 Ng4 10. Nb3 d6 11. Nfd4 Bxg2 12. Nxe6 Bf3 13. Nxd8 Bxd1 14. Ne6
Bf3 15. Nxf8 Bxf8 16. exd6 Bxd6 17. Nd4 Bb7 18. Nb5 Ne5 19. Nxd6 Nf3+ 20. Kg2
cxd6 21. Rd1 Ne1+ 22. Kf1 Nxc2 23. Rb1 Na6 24. Bf4 Be4 25. Rbc1 d5 26. Rd2 Ncb4
27. Rc3 Nxa2 28. Re3 N2b4 29. f3 Bg6 30. Re7 Nd3 31. Be3 Rc8 32. Bd4 Rc7 33.
Rde2 Kf8 34. Bxg7+ Kg8 35. Bh6 Ndc5 36. b4 Bd3 37. Rxc7 Nxc7 38. bxc5 bxc5 39.
Ke1 Bxe2 40. Kxe2 Kf7 41. Kd3 Ke6 42. h4 Nb5 43. Bg7 Nd6 44. g4 a5 45. f4 Ne4
46. f5+ Kf7 47. Be5 Nf2+ 48. Kc3 Nxg4 49. Bd6 Nf6 50. Kb3 Ne4 51. Bc7 Kf6 52.
Bxa5 Kxf5 53. Be1 Ke5 54. Kb2 Kd4 55. Kc2 Ke3 56. Kd1 d4 57. h5 c4 58. h6 c3
59. Bh4 d3 60. Bd8 Nf2+ 0-1

[Event "Mercredi 2019.10.09 ABCD"]
[Site "Montreal CAN"]
[Date "2019.10.16"]
[Round "2"]
[White "Dumouchel, Alain"]
[Black "Kozlov, Guennadi"]
[Result "0-1"]
[WhiteElo "1776"]
[BlackElo "1766"]
[PlyCount "126"]
[EventDate "2019.10.09"]
[EventType "tourn"]
[EventRounds "5"]
[EventCountry "CAN"]

1. d4 d5 2. Bf4 Nf6 3. e3 e6 4. Nf3 c5 5. Nbd2 Nc6 6. c3 cxd4 7. exd4 Bd6 8.
Ne5 Qc7 9. Ndf3 Nd7 10. Bb5 O-O 11. Qe2 Ndxe5 12. dxe5 Be7 13. O-O a6 14. Ba4
Bd7 15. Bc2 Rfc8 16. Rfe1 Qd8 17. Rad1 Na5 18. Nd4 g6 19. Qg4 Qf8 20. h4 h5 21.
Qh3 Qg7 22. Rd3 Kf8 23. g4 Qh7 24. Rg3 Ke8 25. Bd1 hxg4 26. Rxg4 Kd8 27. Re3
Kc7 28. Reg3 Rh8 29. Nf3 Rag8 30. Qf1 Bb5 31. Qe1 Nc4 32. b3 Nb6 33. Qd2 Nd7
34. a4 Bc6 35. Bg5 Bd8 36. Bxd8+ Rxd8 37. Qf4 Rdf8 38. Ng5 Qg7 39. Re3 Nb6 40.
Qd4 Nc8 41. Qb4 Rd8 42. Rf3 Rd7 43. Qf4 d4 44. Rd3 dxc3 45. Rxd7+ Bxd7 46. Qc4+
Bc6 47. Qxc3 Ne7 48. Bf3 Kb8 49. Bxc6 Nxc6 50. f4 Rd8 51. Kg2 Rd7 52. Kh3 Qf8
53. Ne4 Nb4 54. Rg3 Nd5 55. Qf3 Qh6 56. Rg5 Rc7 57. Kg4 Rc1 58. Nf6 Rc3 59.
Qxd5 exd5 60. Nxd5 Rxb3 61. h5 gxh5+ 62. Rxh5 Rg3+ 63. Kh4 Rh3+ 0-1

[Event "Mercredi 2019.10.09 ABCD"]
[Site "Montreal CAN"]
[Date "2019.10.16"]
[Round "2"]
[White "Fortin-Lavoie, Patrice"]
[Black "Gates, Claude-Eric"]
[Result "1-0"]
[WhiteElo "1824"]
[BlackElo "1844"]
[PlyCount "73"]
[EventDate "2019.10.09"]
[EventType "tourn"]
[EventRounds "5"]
[EventCountry "CAN"]

1. d4 Nf6 2. c4 e6 3. Nf3 Bb4+ 4. Bd2 Qe7 5. g3 O-O 6. Bg2 Nc6 7. O-O d5 8. a3
Bxd2 9. Nbxd2 e5 10. dxe5 Nxe5 11. cxd5 Bg4 12. e4 Rfe8 13. Re1 Rad8 14. Qb3 c6
15. Nxe5 Qxe5 16. Qxb7 Rb8 17. Qxa7 Rxb2 18. Nc4 Qb8 19. Qd4 Rb6 20. e5 c5 21.
Qf4 Rd8 22. exf6 Qxf4 23. gxf4 gxf6 24. a4 Rb4 25. Ne3 Bd7 26. a5 Ra8 27. a6
Ra7 28. Rec1 c4 29. Rxc4 Rxc4 30. Nxc4 Bb5 31. Ne3 Kf8 32. Bf1 Bd7 33. Rb1 Ra8
34. Rb6 Ke7 35. Rb7 Kd6 36. Nc4+ Ke7 37. Rxd7+ 1-0

[Event "Mercredi 2019.10.09 ABCD"]
[Site "Montreal CAN"]
[Date "2019.10.16"]
[Round "2"]
[White "Guipi Bopala, Prince Eric jr"]
[Black "Latorre, Vincent"]
[Result "1/2-1/2"]
[WhiteElo "1868"]
[BlackElo "1889"]
[PlyCount "80"]
[EventDate "2019.10.09"]
[EventType "tourn"]
[EventRounds "5"]
[EventCountry "CAN"]

1. d4 d5 2. c4 e6 3. Nf3 Nf6 4. g3 c6 5. Bg2 Be7 6. O-O O-O 7. Qc2 Nbd7 8. Nbd2
b6 9. Re1 Bb7 10. e4 Rc8 11. b3 c5 12. exd5 exd5 13. Ba3 Re8 14. Rac1 Nf8 15.
Bh3 Rc7 16. dxc5 Bxc5 17. Bxc5 Rxc5 18. Rxe8 Nxe8 19. b4 Rc7 20. c5 bxc5 21.
bxc5 Bc8 22. Bg2 Ne6 23. Nb3 Ba6 24. Nfd4 Bc4 25. Nxe6 fxe6 26. Bf1 Bxf1 27.
Kxf1 e5 28. Qd3 Nf6 29. Qf5 Qe8 30. Re1 Re7 31. Qd3 Qc6 32. Rd1 d4 33. Kg1 Qa4
34. Re1 Nd5 35. Qe4 Nc3 36. Qa8+ Kf7 37. Qf3+ Kg8 38. Qa8+ Kf7 39. Qf3+ Kg8 40.
Qa8+ Kf7 1/2-1/2

[Event "Mercredi 2019.10.09 ABCD"]
[Site "Montreal CAN"]
[Date "2019.10.16"]
[Round "2"]
[White "Lewicki, Philip"]
[Black "Templonuevo, Mark Geryl"]
[Result "1-0"]
[WhiteElo "1867"]
[BlackElo "1862"]
[PlyCount "77"]
[EventDate "2019.10.09"]
[EventType "tourn"]
[EventRounds "5"]
[EventCountry "CAN"]

1. c4 Nf6 2. Nc3 e6 3. g3 d5 4. d4 dxc4 5. Bg2 c6 6. Nf3 Nbd7 7. O-O b5 8. Ne5
Nxe5 9. dxe5 Qxd1 10. Rxd1 Nd5 11. Ne4 Bb7 12. Nd6+ Bxd6 13. exd6 O-O 14. e4
Nb6 15. Be3 Nd7 16. f4 c5 17. Rac1 Rfc8 18. Kf2 f6 19. h4 a5 20. a4 Bc6 21.
axb5 Bxb5 22. e5 Rab8 23. f5 Nxe5 24. fxe6 Nd3+ 25. Kg1 Nxc1 26. Bxc1 Ba4 27.
Re1 Re8 28. Bd5 Kh8 29. Bxc4 g6 30. Bd2 Rbd8 31. Bf4 Bc6 32. g4 h6 33. g5 hxg5
34. hxg5 Kg7 35. gxf6+ Kxf6 36. Rf1 Be4 37. e7 Ra8 38. d7 Rxe7 39. Bb8+ 1-0

[Event "Mercredi 2019.10.09 ABCD"]
[Site "Montreal CAN"]
[Date "2019.10.16"]
[Round "2"]
[White "Nunez, Omar"]
[Black "Pomerantz, Daniel"]
[Result "0-1"]
[WhiteElo "1950"]
[BlackElo "2206"]
[PlyCount "88"]
[EventDate "2019.10.09"]
[EventType "tourn"]
[EventRounds "5"]
[EventCountry "CAN"]

1. f4 d5 2. Nf3 g6 3. g3 Bg7 4. Bg2 Nf6 5. O-O O-O 6. d3 c5 7. Nc3 Nc6 8. e4 d4
9. Ne2 e5 10. fxe5 Ng4 11. Bf4 Ngxe5 12. Nxe5 Nxe5 13. Qd2 Be6 14. h3 Qd7 15.
Kh2 Rac8 16. b3 b5 17. Bxe5 Bxe5 18. Nf4 c4 19. Rf3 Rc7 20. Raf1 Rfc8 21. Nd5
Bxd5 22. exd5 Qd6 23. bxc4 bxc4 24. dxc4 f6 25. Kh1 Rxc4 26. Qa5 Rxc2 27. Qxa7
R2c7 28. Qa3 Rc5 29. Rb3 Kg7 30. Rfb1 Rc3 31. Rb7+ R8c7 32. Qa7 Kh6 33. Rxc7
Rxc7 34. Qa8 Bxg3 35. Qe8 Kg7 36. Qe4 Be5 37. Rd1 Rc3 38. Qb1 f5 39. Rd3 Rc7
40. Qf1 Rc2 41. Qb1 Qc7 42. Rd1 Qc3 43. Qb7+ Kh6 44. Qe7 Qg3 0-1